000 00632nam a2200205Ia 4500
008 160819s9999 xx 000 0 und d
020 _a0-89213-128-4
050 _aCUL TX 837
050 _b.H54 1983
245 4 _aThe Higher taste :
245 _ba guide to gourmet vegetarian cooking and a karma-free diet /
245 _cbased on the teaching of His Divine Grace A. C. Bhaktivedanta Swami Prabhupada.
260 _aLos Angeles :
260 _bThe Bhaktivedanta Book Trust,
260 _c1983
300 _a231 pages :
300 _billustrations (some color) ;
300 _c18 cm.
650 _aVegetarian, cookery.
999 _c300656
_d300656